000 00721nam a2200253 4500
003 OSt
005 20260601193854.0
008 260508b2012 sp ||||| |||| 00| 0 eng d
020 _a9788415308096
040 _aICI
_bSPA
_cICI
050 _aNA9053.S6
_bB39
245 1 _aBasic Sign /
_c editor Sylvie Estrada
264 _aBarcelona :
_b Index Books,
_c2012
300 _a328 páginas
_bilustraciones
336 _atexto
_2rdacontent
337 _asin medio
_2rdamedia
338 _avolumen
_2rdacarrier
490 _a Garage ;
_v 3
650 4 _aEspacios públicos
_932802
650 4 _a Letreros |x Diseño
_932803
650 4 _aArtes gráficas
700 _aEstrada, Sylvie,
_eeditor
_932804
942 _2lcc
_cB
_n1
999 _c21985
_d21985